| 000 | 00871nam a2200301Ia 4500 | ||
|---|---|---|---|
| 008 | 170711s9999 xx 000 0 und d | ||
| 020 | _a9780071667821 | ||
| 050 | _a649.64 | ||
| 050 | _bF714 2010 | ||
| 100 | _aForehand, Rex | ||
| 245 | _aParenting the strong-willed child : | ||
| 245 | _bthe clinically proven five-week program for parents of two-to six-year-olds / | ||
| 245 | _cby Rex Forehand and Nicholas Long. | ||
| 250 | _aThird edition | ||
| 260 | _aPhilippines : | ||
| 260 | _bMcGraw Hill, | ||
| 260 | _c2010 | ||
| 300 | _axv, 268 pages : | ||
| 300 | _billustrations ; | ||
| 300 | _c23cm. | ||
| 500 | _aIncludes appendix, bibliographic reference and index. | ||
| 650 | _aChild rearing. | ||
| 650 | _aParenting. | ||
| 650 | _aProblem children -- | ||
| 650 | _xBehavior modification. | ||
| 700 | _aLong, Nicholas. | ||
| 700 | _aTitle. | ||
| 999 |
_c339782 _d339782 |
||